Ηγέτης στις αλλαγές

Saved in:
Bibliographic Details
Main Author: Kotter, John P., 1947-
Other Authors: Ανδρέου, Μαρία (edtf), Εμπέογλου, Νίκος Μ. (Author of introduction, etc.), Σοκοδήμος, Ανδρέας (Translator)
Format: Book
Language:Greek
English
Published: Αθήνα : Κριτική, c2001.
Series:Business management (Εκδόσεις Κριτική) ; 7
Subjects:
Tags: Add Tag
No Tags, Be the first to tag this record!

MARC

LEADER 00000cam a2200000 i 4500
001 1/20803
008 051215s2001 gr | ||| |||| ||gre||
020 |a 9602182172 
035 |l 10081706 
040 |a GR-MyUA  |b gre  |e AACR2 
041 1 |a gre  |h eng 
082 7 |a 658.406   |2 (22) 
100 1 |a Kotter, John P.,   |d 1947- 
245 1 0 |a Ηγέτης στις αλλαγές /   |c John P. Kotter ; πρόλογος Νίκος Μ. Εμπέογλου ; μετάφραση Ανδρέας Σοκοδήμος ; επιμέλεια Μαρία Ανδρέου.  
260 |a Αθήνα :   |b Κριτική,   |c c2001.  
300 |a 197 σ. :   |b πίν. ;   |c 24 εκ.  
490 1 |a (Business management / Εκδόσεις Κριτική ;   |v  7)  
650 0 0 |a Organizational change. 
650 0 0 |a Leadership. 
650 0 0 |a Industrial organization. 
650 0 0 |a Strategic planning. 
700 1 |a Ανδρέου, Μαρία,  |e edtf 
700 1 |a Εμπέογλου, Νίκος Μ.  |e aui 
700 1 |a Σοκοδήμος, Ανδρέας,  |e trl 
765 0 8 |i Μετάφραση του:   |t Leading change /  
830 0 |a Business management (Εκδόσεις Κριτική)  |v  ; 7 
852 |a INST  |b CHIOS  |e 20051215  |h 658.406 KOT  |p 005200024389  |q 005200024389  |t BK  |y 0 
852 |a INST  |b CHIOS  |c TSAMOYRGELIS  |e 20190315  |h 658.406 ΚΟΤ  |p 005200038777  |q 005200038777  |t BK  |y 0 
901 |a BIBL2-2005-3 
909 |a Χ  |b 119849 
970 |a ΧΑΖΙΡΗ  |b ΑΝΝΑ  |z 2005/12/15